Score 0/18 Timer 10:00
0 Plays Today
Answer % Correct
Belgium
88.1%
Brazil
78.4%
Bolivia
69.2%
Bulgaria
57.7%
Belarus
56.7%
Botswana
53.6%
Bosnia and Herzegovina
47.4%
Bangladesh
47%
Bahrain
45.5%
Answer % Correct
Bahamas
45%
Belize
44.7%
Barbados
39.9%
Bhutan
33.5%
Burma (Myanmar)
32.8%
Benin
29.5%
Burundi
26.9%
Burkina Faso
24.4%
Brunei
24.2%
Remove Ads.
Support Sporcle.
Get the best of Sporcle when you Go Orange. This ad-free experience offers more features, more stats, and more fun while also helping to support Sporcle. Thank you for becoming a member.

You're not logged in!

Compare scores with friends on all Sporcle quizzes.
OR
Log In

Sporcle TV

Today on Sporcle TV


Watch our educational content, quiz creation guides, and fun videos on Sporcle TV.

Show Comments

Extras

Created Jul 7, 2020ReportNominate
Tags:Country Quiz

Top Quizzes Today


Score Distribution

Paid Content

Your Account Isn't Verified!

In order to create a playlist on Sporcle, you need to verify the email address you used during registration. Go to your Sporcle Settings to finish the process.

Report this User

Report this user for behavior that violates our Community Guidelines.

Details: